000 00419nam a2200169Ia 4500
001 23043
003 IN-NITTTR
005 20251114233259.0
008 251113s9999||||xx |||||||||||||| ||eng||
040 _beng
040 _cIN-NITTTR
041 _aeng
082 _a0006.66 L53A
100 _aLeigh, Ronald W.
245 0 _aAutoCAD :
_b a concise guide to commands and features /
_cLeigh, Ronald W.
942 _2ddc
_cBK
999 _c25672
_d25672